000 01299nam a22002177a 4500
999 _c63554
_d63554
003 Ge_BSU
005 20251028180032.0
008 251028s1996 ge ||||| |||| 00| 0 geo d
041 _ageo
080 _a34(479.22)(094.1) : 338.24.021.8(479.22) : 346.26(479.22)(094.5) ე-49
245 _aეკონომიკური რეფორმა :
_bსაქართველოს ნორმატიული აქტების კრებული. წ. 2 /
_c[ავტ. ს პეტროსიანი].
264 _aთბილისი :
_bნორმა შპს,
_c1996.
300 _a336 გვ.;
_b21 სმ.
653 _aსაქართველოს ნორმატიული აქტები.
653 _aეკონომიკური რეფორმა საქართველოში
653 _aსაქართველოს სამეწარმეო სამართალი.
700 _aპეტროსიანი, ს.
_eავტორი
_926125
700 _aხეცურიანი, ჯ.
_eრედაქტორი
_926126
710 _aსაქართველოს რესპუბლიკის იუსტიციის სამინისტრო.
_9161
942 _2udc
_cᲬᲘᲒᲜᲘ